| 000 | 00525nam a22001817a 4500 | ||
|---|---|---|---|
| 999 |
_c17367 _d17367 |
||
| 003 | AR-CdUCM | ||
| 008 | 190508b ||||| |||| 00| 0 spa d | ||
| 040 |
_aMUNICIPALIDAD PROVINCIAL DEL CUSCO _cBIBLIOTECA MUNICIPAL DEL CUSCO |
||
| 082 |
_a303.38 / _bSA26 |
||
| 100 |
_aSauvy, Alfred. _935324 |
||
| 245 | _aLa opinión pública / | ||
| 260 |
_aBarcelona : _bOikos-tan, _c1967. |
||
| 300 |
_a127 páginas ; _c19 cm. |
||
| 440 |
_n15. _916899 |
||
| 650 |
_aLiteratura. _983 |
||
| 942 |
_2ddc _cLIBROS |
||
| 945 |
_arum _d2019-05-08 |
||